El monasterio de Santo Domingo de silos / (Registro nro. 38330)
[ vista simple ]
| 000 -CABECERA | |
|---|---|
| campo de control de longitud fija | 00569nam a2200169 a 4500 |
| 001 - NÚMERO DE CONTROL | |
| campo de control | 000038840 |
| 005 - FECHA Y HORA DE LA ÚLTIMA TRANSACCIÓN | |
| campo de control | 20201002031405.0 |
| 008 - DATOS DE LONGITUD FIJA--INFORMACIÓN GENERAL | |
| campo de control de longitud fija | 130426s1973 sp a 000 0 spa d |
| 040 ## - FUENTE DE LA CATALOGACIÓN | |
| Centro catalogador/agencia de origen | DO-SdBNP |
| Lengua de catalogación | spa |
| Centro/agencia transcriptor | BNPHU |
| 100 1# - ENTRADA PRINCIPAL--NOMBRE DE PERSONA | |
| Nombre de persona | Palacios, Mariano |
| 9 (RLIN) | 65126 |
| 245 13 - MENCIÓN DE TÍTULO | |
| Título | El monasterio de Santo Domingo de silos / |
| Mención de responsabilidad, etc. | Mariano Palacios. |
| 260 ## - PUBLICACIÓN, DISTRIBUCIÓN, ETC. | |
| Lugar de publicación, distribución, etc. | Madrid : |
| Nombre del editor, distribuidor, etc. | Españolas , |
| Fecha de publicación, distribución, etc. | 1973. |
| 300 ## - DESCRIPCIÓN FÍSICA | |
| Extensión | 54 p. : |
| Otras características físicas | il. ; |
| Dimensiones | 21 cm. |
| 490 1# - MENCIÓN DE SERIE | |
| Mención de serie | Colección temas españoles |
| Designación de volumen o secuencia | 536 |
| 500 ## - NOTA GENERAL | |
| Nota general | IX Centenario de la muerte del Santo (1073-1973) |
| 830 #0 - PUNTO DE ACCESO ADICIONAL DE SERIE-TÍTULO UNIFORME | |
| Título uniforme | Colección temas españoles |
| Número de parte o sección de la obra | 536 |
| 9 (RLIN) | 65127 |
| Estado de retiro | Estado de pérdida | Restricciones de uso | No para préstamo | Código de colección | Localización permanente | Ubicación/localización actual | Ubicación en estantería | Fecha de adquisición | Número de inventario | Total de préstamos | Signatura topográfica completa | Código de barras | Fecha visto por última vez | Precio válido a partir de | Tipo de ítem Koha |
|---|---|---|---|---|---|---|---|---|---|---|---|---|---|---|---|
| Excluido de préstamo | Monografías: Libros y Folletos | Patrimonio Dominicano | Patrimonio Dominicano | En catalogación | 26.04.2013 | LF1 | 38840-10 | 25.06.2020 | 25.06.2020 | No se presta |
